| 000 | 01918nam a22002537a 4500 | ||
|---|---|---|---|
| 003 | NALT | ||
| 005 | 20251125232948.0 | ||
| 008 | s2548 th tha d | ||
| 040 | _aNALT | ||
| 041 | _atha | ||
| 090 |
_aKQ 24 _bว872พ 2548 |
||
| 110 | 0 | _aสำนักงานเลขาธิการวุฒิสภา. สำนักกฎหมาย | |
| 245 | 1 | 0 |
_aพระราชบัญญัติเงินเดือน เงินวิทยฐานะ และเงินประจำตำแหน่งข้าราชการครูและบุคลากรทางการศึกษา พ.ศ. 2547 / _cสำนักกฎหมาย สำนักงานเลขาธิการวุฒิสภา. |
| 260 |
_aกรุงเทพฯ : _bสำนักกฎหมาย สำนักงานเลขาธิการวุฒิสภา, _c2548 |
||
| 300 |
_a24 หน้า : _bตาราง ; _c29 ซม. |
||
| 610 | _aสำนักงานเลขาธิการวุฒิสภา. สำนักกฎหมาย | ||
| 650 | 0 | 4 | _aทางการศึกษา -- เงินเดือน -- กฎหมายและระเบียบข้อบังคับ |
| 650 | 0 | 4 | _aข้าราชการครู -- เงินเดือน -- กฎหมายและระเบียบข้อบังคับ |
| 650 | 0 | 4 | _aข้าราชการครู -- เงินเดือน -- กฎหมายและระเบียบข้อบังคับทางการศึกษา -- เงินเดือน -- กฎหมายและระเบียบข้อบังคับ |
| 850 | _aNALT | ||
| 856 | 4 | 0 | _uhttps://hdl.handle.net/20.500.14156/466090 |
| 942 |
_cLB _2lcc |
||
| 999 |
_c44478 _d44478 |
||
| 998 |
_j109 _k อารีรัตน์ วิชาช่าง |
||